| 000 | 00469nam a2200169Ia 4500 | ||
|---|---|---|---|
| 999 |
_c3459 _d3459 |
||
| 003 | GBCCL | ||
| 005 | 20241126110455.0 | ||
| 008 | 171128b xxu||||| |||| 00| 0 eng d | ||
| 040 | _cgbc | ||
| 082 |
_a269.2 _bWIL |
||
| 100 |
_aWilson, Jere A. _96998 |
||
| 245 |
_aSunday School Visitation / _cJere A. Wilson |
||
| 260 |
_aNashville: _bConvention Press, _c1984 |
||
| 300 |
_a129p.; _bill., _c20 cm. |
||
| 650 |
_aEvangelistic Work _vSunday School _96993 |
||
| 942 |
_2ddc _cBK _03 |
||